Languages Available in Google Translate - Statistics

General Stats
  • This quiz has been taken 1,150 times
    899 since last reset
  • The average score is 58 of 92
Answer Stats
Language % Correct
English
94%
French
93%
Spanish
93%
Japanese
91%
Arabic
90%
German
90%
Russian
90%
Simplified Chinese
90%
Traditional Chinese
90%
Italian
87%
Dutch
86%
Finnish
86%
Swedish
86%
Korean
85%
Portuguese
85%
Greek
84%
Hindi
84%
Norwegian
83%
Croatian
80%
Estonian
80%
Serbian
80%
Turkish
79%
Albanian
78%
Danish
78%
Romanian
78%
Latvian
77%
Malay
77%
Polish
77%
Thai
77%
Irish
76%
Lithuanian
76%
Slovak
76%
Ukrainian
75%
Vietnamese
75%
Armenian
74%
Bulgarian
74%
Czech
74%
Slovene
74%
Hungarian
72%
Persian
72%
Icelandic
71%
Afrikaans
70%
Bosnian
70%
Urdu
68%
Azerbaijani
67%
Bengali
67%
Catalan
67%
Khmer
67%
Filipino
66%
Hmong
66%
Indonesian
66%
Lao
65%
Swahili
65%
Georgian
64%
Hebrew
63%
Tamil
63%
Kazakh
62%
Macedonian
62%
Uzbek
62%
Zulu
61%
Burmese
59%
Belarusian
57%
Latin
55%
Mongolian
55%
Nepali
55%
Punjabi
52%
Welsh
51%
Tajik
50%
Maltese
47%
Basque
45%
Igbo
44%
Māori
44%
Javanese
42%
Gujarati
41%
Haitian Creole
40%
Yoruba
39%
Telugu
38%
Marathi
37%
Sinhalese
37%
Somali
37%
Yiddish
36%
Galician
35%
Kannada
31%
Esperanto
30%
Malayalam
30%
Hausa
29%
Sotho
26%
Malagasy
25%
Cebuano
21%
Sundanese
20%
Chewa
11%
Aurebesh
2%
No matching quizzes found
Score Distribution
Percent of People with Each Score
Percentile by Number Answered
Your Score History
You have not taken this quiz since the last reset